书目信息 |
| 题名: |
壮心未与年俱老
|
|
| 作者: | 王新霞 , 胡永杰 编著 | |
| 分册: | ||
| 出版信息: | 北京 人民文学出版社 2017 |
|
| 页数: | 10,20,365页 | |
| 开本: | 21cm | |
| 丛书名: | ||
| 单 册: | ||
| 中图分类: | I222.744.2 , I222.844.2 | |
| 科图分类: | ||
| 主题词: | 宋诗--song shi--诗集--中国--南宋 , 宋词--song ci--作品集--中国--南宋 | |
| 电子资源: | ||
| ISBN: | 978-7-02-012136-6 | |
| 000 | 00949nam0 22002891 450 | |
| 001 | 1761044432 | |
| 005 | 20170619172000.0 | |
| 010 | @a978-7-02-012136-6@dCNY39.00 | |
| 100 | @a20170316d2017 em y0chiy50 ea | |
| 101 | 0 | @achi |
| 102 | @aCN@b110000 | |
| 105 | @aa z 000gy | |
| 106 | @ar | |
| 200 | 1 | @a壮心未与年俱老@9zhuang xin wei yu nian ju lao@e陆游诗词@f王新霞,胡永杰编著 |
| 210 | @a北京@c人民文学出版社@d2017 | |
| 215 | @a10,20,365页@c图@d21cm | |
| 300 | @a恋上古诗词·版画插图版 99读书人 | |
| 330 | @a本书共选陆游诗178首,词12首。每篇诗词都加以注释,并附有历代词评家的点评。 | |
| 517 | 1 | @a陆游诗词@9lu you shi ci |
| 606 | 0 | @a宋诗@9song shi@x诗集@y中国@z南宋 |
| 606 | 0 | @a宋词@9song ci@x作品集@y中国@z南宋 |
| 690 | @aI222.744.2@v5 | |
| 690 | @aI222.844.2@v5 | |
| 701 | 0 | @a王新霞@9wang xin xia@4编著 |
| 701 | 0 | @a胡永杰@9hu yong jie@4编著 |
| 801 | 0 | @aCN@b百万庄@c20170619 |
| 905 | @b1014069-74@dI222.744.2@e624@f6 | |
| 壮心未与年俱老:陆游诗词/王新霞,胡永杰编著.-北京:人民文学出版社,2017 |
| 10,20,365页:图;21cm |
| 恋上古诗词·版画插图版 99读书人 |
| ISBN 978-7-02-012136-6:CNY39.00 |
| 本书共选陆游诗178首,词12首。每篇诗词都加以注释,并附有历代词评家的点评。 |
| ● |
| 相关链接 |
|
|
|
|
正题名:壮心未与年俱老
索取号:I222.744.2/624
 
预约/预借
| 序号 | 登录号 | 条形码 | 馆藏地/架位号 | 状态 | 备注 |
| 1 | 1014069 | 210140694 | 第一样本阅览室/ [索取号:I222.744.2/624] | 在馆 | |
| 2 | 1014070 | 210140701 | 教育系资料室/ [索取号:I222.744.2/624] | 在馆 | |
| 3 | 1014071 | 210140710 | 教育系资料室/ [索取号:I222.744.2/624] | 在馆 | |
| 4 | 1014072 | 210140729 | 教育系资料室/ [索取号:I222.744.2/624] | 在馆 | |
| 5 | 1014073 | 210140738 | 第二借阅区/ [索取号:I222.744.2/624] | 在馆 | |
| 6 | 1014074 | 210140747 | 第二借阅区/ [索取号:I222.744.2/624] | 在馆 |